| 000 | 01368nam a22003497a 4500 | ||
|---|---|---|---|
| 003 | EG-ScBUE | ||
| 005 | 20220117110807.0 | ||
| 008 | 220117s2000 ua o f b 000 0cara d | ||
| 017 | _a2000 / 14844 | ||
| 020 | _a9773200507 | ||
| 040 |
_aEG-ScBUE _bara _erda _cEG-ScBUE _dEG-ScBUE |
||
| 082 | 0 | 4 |
_a320.092 _bت و ف _222 |
| 100 | 1 |
_aتوفيق، علية، _d1914- _eمؤلف. _940942 |
|
| 245 | 1 | 0 |
_aيوسف صديق وجمال عبد الناصر وأنا / _cعلية توفيق. |
| 250 | _aالطبعة الأولى. | ||
| 264 | 1 |
_aالقاهرة : _bمركز الأهرام للترجمة والنشر، _c2000. |
|
| 300 |
_a223 صفحة : _bصور ؛ _c24 سم + _e2 قرص |
||
| 336 |
_2rdacontent _aنص _btxt |
||
| 336 |
_2rdacontent _aكلمات ناطقة _bspw |
||
| 337 |
_2rdamedia _aبدون وسيط _bn |
||
| 337 |
_2rdamedia _aصوت _bs |
||
| 338 |
_2rdacarrier _aمجلد _bnc |
||
| 338 |
_2rdacarrier _aقرص صوتي _bsd |
||
| 504 | _aيشتمل على إرجاعات ببليوجرافية. | ||
| 541 |
_cإهداء ؛ _aد. فريد خميس. |
||
| 600 | 1 | 7 |
_aعبد الناصر، جمال، _d1918-1970. _2BUEsh |
| 600 | 1 | 7 |
_aصديق، يوسف، _d1910-1975. _2BUEsh |
| 650 | 7 |
_aالسياسيون المصريون _vتراجم. _2BUEsh |
|
| 653 |
_bMASPPSS _cJanuary2021 |
||
| 655 |
_vReading book _934232 |
||
| 942 | _2ddc | ||
| 999 |
_c29738 _d29709 |
||